| 000 | 01032cam a2200301 i 4500 | ||
|---|---|---|---|
| 001 | 62524 | ||
| 003 | Mx-PuUPA | ||
| 005 | 20230302092051.0 | ||
| 008 | 150511s2006 mx ab gr 000 f spa d | ||
| 020 | _a9681341953 | ||
| 040 |
_aMx-PuUPA _bspa _cMx-PuUPA _dMx-PuUPA _erda |
||
| 041 | 0 | _aspa | |
| 100 | 1 |
_aAlemán Velasco, Miguel _eautor _9430 |
|
| 245 | 1 | 0 |
_aJuan Diego : _bdos guerreros Omeh yaotlacameh, novela / _cMiguel Alemán Velasco. |
| 250 | _aprimera edición | ||
| 264 | 1 |
_aMéxico, D.F. : _bEditorial Diana, _c©2006 |
|
| 300 |
_axix, 370 páginas, láminas (sin paginación) : _bilustraciones, mapas (a color) ; _c23 cm |
||
| 336 |
_atexto _2rdacontent _btxt |
||
| 337 |
_asin medio _2rdamedia _bn |
||
| 338 |
_avolumen _2rdacarrier _bnc |
||
| 600 | 0 | 4 |
_aJuan Diego _dSanto |
| 650 | 7 |
_aNovela mexicana _2armarc |
|
| 650 | 7 |
_aNovela histórica _zMéxico _2armarc |
|
| 650 | 7 |
_aLiteratura mexicana _ySiglo XXI _2armarc |
|
| 942 |
_2ddc _cLI _h863 _iA366 |
||
| 999 |
_c62524 _d62524 |
||